Quick Pick: 'A' Capitals Quiz Stats

 Plays Quiz Updated Apr 18, 2016

Challenge
Share
Tweet
Embed
Score 0/16 Timer 01:30
0 Plays Today
% Correct
Athens
94.3%
Amsterdam
93.3%
Abu Dhabi
86.7%
Algiers
86.2%
Ankara
85.5%
Andorra la Vella
82.2%
AsunciĆ³n
77.2%
Addis Ababa
77%
% Correct
Amman
71.5%
Accra
62.2%
Abuja
58.5%
Apia
58%
Antananarivo
57.4%
Ashgabat
57.2%
Astana
50.9%
Asmara
45.5%

Today's Daily Dose

You're not logged in!

Compare scores with friends on all Sporcle quizzes.
OR
Log In

You Might Also Like...

Show Comments

Extras

Top Quizzes Today


Score Distribution

Your Account Isn't Verified!

In order to create a playlist on Sporcle, you need to verify the email address you used during registration. Go to your Sporcle Settings to finish the process.

Report this User

Report this user for behavior that violates our Community Guidelines.

Details: